[Event "POL-ch U14 Girls"]
[Site "Uniejow"]
[Date "2021.07.21"]
[Round "5"]
[White "Kulczycka, Zofia"]
[Black "Szmajda, Karolina"]
[Result "1-0"]
[WhiteElo "1470"]
[BlackElo "1181"]
[PlyCount "49"]
[EventDate "2021.07.18"]
[EventType "swiss"]
[EventRounds "9"]
[EventCountry "POL"]
[SourceTitle "EXT 2022"]
[Source "ChessBase"]
[SourceDate "2021.10.06"]
[SourceVersion "1"]
[SourceVersionDate "2021.10.06"]
[SourceQuality "1"]

1. e4 c5 2. Nf3 g6 3. d4 cxd4 4. Nxd4 Nc6 5. c4 Nf6 6. Nc3 Bg7 7. Be3 0-0 8. Be2 Re8 9. Qd2 e6 10. Ndb5 a6 11. Nd6 Re7 12. Bc5 Na5 13. Na4 Nc6 14. Nb6 Rb8 15. Nbxc8 Rxc8 16. Nxc8 Qxc8 17. Bxe7 Nxe7 18. Bd3 Nc6 19. 0-0 Ne5 20. Rac1 Bh6 21. Qxh6 Nxd3 22. Rc3 Nxb2 23. e5 Ne4 24. Rh3 Qxc4 25. Rc1 1-0